|
|
|
|
| LEADER |
00000nam a2200000 a 4500 |
| 001 |
vtls001481735 |
| 003 |
SK-MaSNL |
| 005 |
20260301203900.0 |
| 008 |
240318s2002 xr a 0 cze |
| 020 |
|
|
|a 8086473163
|
| 035 |
|
|
|a SNK000437032
|
| 040 |
|
|
|a SNK
|b slo
|c SNK
|e AACR2
|
| 044 |
|
|
|a CZ
|
| 072 |
|
7 |
|a 327
|x Medzinárodné vzťahy, svetová politika
|2 konspekt
|
| 080 |
|
|
|a 327
|2 1981
|
| 080 |
|
|
|a (075.8)
|2 1981
|
| 100 |
1 |
|
|a Waisová, Šárka,
|d 1978-
|4 aut
|9 88125
|
| 245 |
1 |
0 |
|a Úvod do studia mezinárodních vztahů
|c Šárka Waisová
|
| 250 |
|
|
|a 1. vyd.
|
| 260 |
|
|
|a Dobrá Voda
|b Aleš Čeněk
|c 2002
|
| 300 |
|
|
|a 159 s.
|b ilustr.
|c 21 cm
|
| 500 |
|
|
|a Vydané pre: Fakultu humanitních studií ZČU v Plzni, Katedra sociologie a politologie
|
| 650 |
0 |
7 |
|a medzinárodné vzťahy
|2 phsnk
|9 3690
|
| 655 |
|
7 |
|a učebnice
|2 SNK
|9 22521
|
| 655 |
|
7 |
|a učebnice vysokých škôl
|2 SNK
|9 70191
|
| 655 |
|
7 |
|2 phsnk
|
| 919 |
|
|
|a 80-86473-16-3
|
| 999 |
|
|
|c 904308
|d 906238
|
| 952 |
|
|
|t P60, <04>, [BOOK], {604}
|a SNK
|b SNK
|y VYP
|7 0
|p 17A0450055
|o snkIC 131821
|i snkV 1632/2004
|g 5.97
|3 poškodená -- poškoná
|0 0
|1 0
|4 0
|d 2004-09-14
|l 0
|r 2005-01-02 00:00:00
|w 2026-02-24
|